Welcome to CU Library Online Public Access Catalogue (OPAC)

The Aqua Group guide to procurement, tendering & contract administration / (Record no. 8288)

MARC details
000 -LEADER
fixed length control field 01407cam a22003254a 4500
001 - CONTROL NUMBER
control field 14336505
005 - DATE AND TIME OF LATEST TRANSACTION
control field 20251121104522.0
008 - FIXED-LENGTH DATA ELEMENTS--GENERAL INFORMATION
fixed length control field 060411s2007 enka 001 0 eng
020 ## - INTERNATIONAL STANDARD BOOK NUMBER
International Standard Book Number 1405131985
Qualifying information pbk. : alk. paper
020 ## - INTERNATIONAL STANDARD BOOK NUMBER
International Standard Book Number 9781405131988
Qualifying information pbk. : alk. paper
050 00 - LIBRARY OF CONGRESS CALL NUMBER
Classification number TH425
Item number .A678 2007
082 00 - DEWEY DECIMAL CLASSIFICATION NUMBER
Classification number 692
Edition information 22
245 04 - TITLE STATEMENT
Title The Aqua Group guide to procurement, tendering & contract administration /
Statement of responsibility, etc. edited and updated by Mark Hackett, Ian Robinson & Gary Statham.
260 ## - PUBLICATION, DISTRIBUTION, ETC.
Place of publication, distribution, etc. Oxford ;
-- Malden, MA :
Name of publisher, distributor, etc. Blackwell Pub./Davis Langdon,
Date of publication, distribution, etc. 2007.
300 ## - PHYSICAL DESCRIPTION
Extent xxi, 378 p. :
Other physical details ill. ;
Dimensions 25 cm.
500 ## - GENERAL NOTE
General note Based on the publications Pre-contract practice and Tenders and contracts for buildings.
500 ## - GENERAL NOTE
General note Includes index.
650 #0 - SUBJECT ADDED ENTRY--TOPICAL TERM
Topical term or geographic name entry element Buildings
Form subdivision Specifications.
650 #0 - SUBJECT ADDED ENTRY--TOPICAL TERM
Topical term or geographic name entry element Construction contracts
Geographic subdivision Great Britain.
650 #0 - SUBJECT ADDED ENTRY--TOPICAL TERM
Topical term or geographic name entry element Letting of contracts
Geographic subdivision Great Britain.
650 #0 - SUBJECT ADDED ENTRY--TOPICAL TERM
Topical term or geographic name entry element Construction industry
General subdivision Management.
700 1# - ADDED ENTRY--PERSONAL NAME
Personal name Hackett, Mark,
Dates associated with a name 1962-
700 1# - ADDED ENTRY--PERSONAL NAME
Personal name Robinson, Ian,
Dates associated with a name 1963-
700 1# - ADDED ENTRY--PERSONAL NAME
Personal name Statham, Gary.
710 2# - ADDED ENTRY--CORPORATE NAME
Corporate name or jurisdiction name as entry element Aqua Group.
856 41 - ELECTRONIC LOCATION AND ACCESS
Materials specified Table of contents only
Uniform Resource Identifier <a href="http://www.loc.gov/catdir/toc/ecip0612/2006012266.html">http://www.loc.gov/catdir/toc/ecip0612/2006012266.html</a>
856 42 - ELECTRONIC LOCATION AND ACCESS
Materials specified Contributor biographical information
Uniform Resource Identifier <a href="http://www.loc.gov/catdir/enhancements/fy0802/2006012266-b.html">http://www.loc.gov/catdir/enhancements/fy0802/2006012266-b.html</a>
856 42 - ELECTRONIC LOCATION AND ACCESS
Materials specified Publisher description
Uniform Resource Identifier <a href="http://www.loc.gov/catdir/enhancements/fy0802/2006012266-d.html">http://www.loc.gov/catdir/enhancements/fy0802/2006012266-d.html</a>
942 ## - ADDED ENTRY ELEMENTS (KOHA)
Source of classification or shelving scheme Library of Congress Classification
Koha item type Books
Suppress in OPAC No
999 ## -
-- 8288
-- 8288
Holdings
Withdrawn status Lost status Source of classification or shelving scheme Damaged status Not for loan Collection Home library Current library Shelving location Date acquired Total checkouts Full call number Barcode Date last seen Copy number Price effective from Koha item type
    Library of Congress Classification     Non-fiction Science Library (Miotso) Science Library (Miotso) General stacks 11/21/2025   TH425 .A678 AQU SLM00005886 11/21/2025 1 11/21/2025 Books
    Library of Congress Classification     Non-fiction Science Library (Miotso) Science Library (Miotso) General stacks 11/21/2025   TH425 .A678 AQU SLM00005887 11/21/2025 2 11/21/2025 Books
    Library of Congress Classification     Non-fiction Science Library (Miotso) Science Library (Miotso) General stacks 11/21/2025   TH425 .A678 AQU SLM00005888 11/21/2025 3 11/21/2025 Books
    Library of Congress Classification     Non-fiction Science Library (Miotso) Science Library (Miotso) General stacks 11/21/2025   TH425 .A678 AQU SLM00005889 11/21/2025 4 11/21/2025 Books
© 2023-2024 Copyright: Central University Libraries. All Rights Reserved | Created by: Mahone Tech Office